Province che confinano con la Città metropolitana di Palermo - Statistics

Statistiche generali
  • Questo quiz è stato fatto 24 volte
  • Il punteggio medio è 5 su 5
Statistiche sulle risposte
Regione Provincia % Corretto
Sicilia Libero consorzio comunale di Trapani
100%
Sicilia Libero consorzio comunale di Agrigento
95%
Sicilia Libero consorzio comunale di Enna
95%
Sicilia Città metropolitana di Messina
89%
Sicilia Libero consorzio comunale di Caltanissetta
89%
Nessun quiz corrispondente trovato
Distribuzione punteggi
Percentuale di utenti per punteggio
Percentile per numero di risposta
I tuoi punteggi nel tempo
Non hai fatto questo quiz